Renting homes (Record no. 121324)
[ view plain ]
| 000 -LEADER | |
|---|---|
| fixed length control field | 00921nam a22001817a 4500 |
| 008 - FIXED-LENGTH DATA ELEMENTS--GENERAL INFORMATION | |
| fixed length control field | 230123b2022 |||||o||||s00| 0 eng d |
| 110 2# - MAIN ENTRY--CORPORATE NAME | |
| 9 (RLIN) | 6155 |
| Corporate author | Welsh Government |
| 245 ## - TITLE STATEMENT | |
| Title | Renting homes |
| Subtitle | : model written statements |
| Statement of responsibility, etc | [Electronic resource] |
| 260 ## - PUBLICATION INFORMATION | |
| Publisher | Welsh Government, |
| Date | 17 May 2022 |
| 520 ## - ABSTRACT | |
| Abstract | Landlords in Wales can use these to create new contracts with tenants of residential properties from 1 December 2022. Versions available in Word and .pdf as per Schedule 2 to the Renting Homes (Model Written Statements of Contract) (Wales) Regulations 2022 |
| 650 ## - KEYWORDS | |
| Keywords | Landlord and Tenant |
| 650 ## - KEYWORDS | |
| Keywords | Renting Homes (Model Written Statements of Contract) (Wales) Regulations 2022 |
| 650 ## - KEYWORDS | |
| Keywords | Tenancy agreements |
| 651 ## - SUBJECT ADDED ENTRY--GEOGRAPHIC NAME | |
| Geographic name | Wales |
| 690 ## - LOCAL SUBJECT ADDED ENTRY--TOPICAL TERM (OCLC, RLIN) | |
| 9 (RLIN) | 6252 |
| Topical term or geographic name as entry element | Landlord and tenant |
| 710 2# - ADDED CORPORATE NAME | |
| 9 (RLIN) | 6155 |
| Added corporate author | Welsh Government |
| 856 ## - ONLINE RESOURCE | |
| Uniform Resource Identifier | https://www.gov.wales/renting-homes-model-written-statements |
| Public note | Available on .gov.wales |
| Withdrawn status | Lost status | Source of classification or shelving scheme | Damaged status | Not for loan | Home library | Current library | Shelving location | Date acquired | Total Checkouts | Date last seen | Price effective from | Koha item type |
|---|---|---|---|---|---|---|---|---|---|---|---|---|
| Dewey Decimal Classification | Virtual | Virtual | Online | 23/01/2023 | 23/01/2023 | 23/01/2023 | Online material |